01025nam a2200145Ia 4500008004100000020001500041050001900056100003900075245005600114260003800170300003700208500010600245505049000351650003800841120626s1995 mx a 000 0 spa d a9701007298 aQH308bL6 1995 aLomelí Radillo, Guadalupeeautor aBiología 1c/ María Guadalupe, Lomelí Radillo aMéxico b: McGraw- Hillc, 1995 a304 páginasb: ilustraciones  aIncluye: Contenido, Prefacio, Introducción, Anexo 1 al 8, Glosario, Referencias bibliográficas  a1. Primera Pare: El fenómeno Vital I. Interpretación acerca de la vida II. La experimentación en el conocimiento III. Los seres vivos y la herencia IV. El devenir en la historia de los seres vivos V. En la tierra y más allá 2. Segunda Parte: Las cualidades de los sistemas vivos I. La vida a escala microscópica II. La autoconservación de los sistemas vivos III. La autorreproducción de los sistemas vivos IV. La autorregulación de los seres vivos  0aBIOLOGÍAxESTUDIO Y ENSEÑANZA